| 000 | 00397nam a2200121Ia 4500 | ||
|---|---|---|---|
| 005 | 20251222144923.0 | ||
| 008 | 251222s9999||||xx |||||||||||||| ||spa|| | ||
| 082 | _a371.3/D96 | ||
| 100 | _aDuffé Montalvan, Aura Luz | ||
| 245 | 0 | _a¿La Teoría de Robert Gagné Podría Servirnos Hoy en Día para Organizar y Planificar Nuestras Acciones Didácticas? | |
| 264 | _bColegio Paul Giéra | ||
| 942 | _cLIB | ||
| 999 |
_c22789 _d22789 |
||